Words Containing "Fuse" - Statistics

General Stats
  • This quiz has been taken 278 times
  • The average score is 6 of 10
Answer Stats
Definition Word % Correct
To make someone unable to understand Confuse
88%
To not be willing to do something; waste/rubbish Refuse
88%
To deactivate or disarm; reduce the tension of a situation Defuse
83%
To transfer blood or products from one body to another Transfuse
77%
To spread or scatter (particles) over an area. Diffuse
68%
The main body of an aircraft Fuselage
68%
To soak a substance in liquid; to fill with a quality Infuse
64%
Plentiful, abundant, copious Profuse
25%
To spread throughout or over, permeate Suffuse
18%
To treat an organ with blood through the blood vessels Perfuse
17%
No matching quizzes found
Score Distribution
Percent of People with Each Score
Percentile by Number Answered
Your Score History
You have not taken this quiz